| 000 | 00371cam a22001097a 4500 | ||
|---|---|---|---|
| 008 | 180718b1966 xxu||||| |||| 00| 0 eng d | ||
| 082 | _aQ3x42 Un3 | ||
| 245 |
_aHomeless single persons: report _cby National Assistance Board, United Kingtom |
||
| 260 |
_aLondon _bHer Majesty's Stationery Office _c1966 |
||
| 300 | _a308p. | ||
| 700 | _aUnited Kingtom. National Assistance Board | ||
| 999 |
_c495107 _d495107 |
||